01967nam a22002297a 450000500170000000800410001702000180005804000070007604100080008308200160009110000240010724500370013126000570016830000280022536500690025344000450032252012810036765000220164865000250167065000200169570000220171520250724145405.0250724b |||||||| |||| 00| 0 eng d a9781433835674 cAL aeng a001.4bJOSE aRuthellen Josselson aEssentials of narrative analysis aWashingtonbAmerican Psychological Associationc2021 aviii,102p.bPBc23x15.5 2JournalismaIN-44853b₹2883.66c₹d₹2883.66e-f30-06-2025 aEssentials of qualitative methods series aThe brief, practical texts in the Essentials of Qualitative Methods series introduce social science and psychology researchers to key approaches to qualitative methods, offering exciting opportunities to gather in-depth qualitative data and to develop rich and useful findings. In this book, Ruthellen Josselson and Phillip L. Hammack introduce readers to Narrative Analysis, a qualitative method that investigates how people make meaning of their lives and experiences in both social and cultural contexts. This method offers researchers a window into how individuals' stories are shaped by the categories they inhabit, such as gender, race, class, and sexual identity, and it preserves the voice of the individual through a close textual analysis of their storytelling. About the Essentials of Qualitative Methods book series: Even for experienced researchers, selecting and correctly applying the right method can be challenging. In this groundbreaking series, leading experts in qualitative methods provide clear, crisp, and comprehensive descriptions of their approach, including its methodological integrity, and its benefits and limitations. Each book includes numerous examples to enable readers to quickly and thoroughly grasp how to leverage these valuable methods. aNarrative Enquiry aResearch Methodology aSocial Sciences aHammack, Philip L